| 000 | 00471nam a2200193Ia 4500 | ||
|---|---|---|---|
| 003 | GCL | ||
| 008 | 140319s9999 xx 000 0 eng d | ||
| 040 |
_aGCL / _cGCL |
||
| 082 | 0 | 4 |
_a701 _bR M |
| 100 | 1 | _aREAD, HERBERT | |
| 245 | 1 | 0 |
_aTHE MEANING OF ART / _cREAD, HERBERT |
| 260 |
_a[S.N] : _bPENGUIN BOOKS ، _c1959 |
||
| 300 | _a197 P | ||
| 490 |
_aAPELICAN BOOK _v0 |
||
| 650 | 0 | 4 | _aARTS |
| 650 | 0 | 4 | _aART, PHILOSOPHY |
| 650 | 0 | 4 | _aART, HISTORY |
| 942 |
_2ddc _cBK |
||
| 999 |
_c19379 _d19379 |
||